| 000 | 00461nam a2200181Ia 4500 | ||
|---|---|---|---|
| 003 | 0100 | ||
| 008 | 130303s9999 xx 000 0 und d | ||
| 040 | _cARRUPELIB | ||
| 050 | _aBS2575.2.B7581988 | ||
| 100 | _aBrown, Raymond E | ||
| 245 | 3 | _aAn adult Christ at christmas | |
| 245 | _bEssays on biblical christmas stories, Matthew 2 Luke 2 | ||
| 260 | _aCollegeville | ||
| 260 | _bThe Liturgical Press | ||
| 260 | _C1988 | ||
| 300 | _a50p | ||
| 942 | 0 | 0 | _01 |
| 999 |
_c21525 _d21525 |
||